О транзисторной терминологии; Известия вузов. Радиотехника; Т. 2, № 3

Podrobná bibliografie
Parent link:Известия вузов. Радиотехника/ Министерство высшего образования СССР.— , 1958-1966.— 0021-3470
Т. 2, № 3.— 1959.— С. 375-376
Hlavní autor: Пустынский И. Н. Иван Николаевич
Shrnutí:Общ. загл. В порядке обсуждения.
Jazyk:ruština
Vydáno: 1959
Témata:
Médium: MixedMaterials Kapitola
KOHA link:https://koha.lib.tpu.ru/cgi-bin/koha/opac-detail.pl?biblionumber=592606

MARC

LEADER 00000naa2a2200000 4500
001 592606
005 20231101131722.0
035 |a (RuTPU)RU\TPU\tpu\4904 
035 |a TPU00004905 
090 |a 592606 
100 |a 20011210a1959 k y0rusy50 ca 
101 0 |a rus 
102 |a RU 
200 1 |a О транзисторной терминологии  |f И. Н. Пустынский 
300 |a Общ. загл. В порядке обсуждения. 
461 1 |0 (RuTPU)RU\TPU\prd\184  |x 0021-3470  |t Известия вузов. Радиотехника  |f Министерство высшего образования СССР  |d 1958-1966 
463 1 |0 (RuTPU)RU\TPU\prd\100121  |t Т. 2, № 3  |v С. 375-376  |d 1959 
610 1 |a радиоэлектроника 
610 1 |a труды учёных ТПУ 
700 1 |a Пустынский  |b И. Н.  |c радиотехник, доктор технических наук, профессор  |c ректор Томского государственного университета систем управления и радиоэлектроники (1984-1999)  |f 1934-2017  |g Иван Николаевич  |2 stltpush  |3 (RuTPU)RU\TPU\pers\11825 
801 0 |a RU  |b 63413507  |c 20011210  |g PSBO 
801 2 |a RU  |b 63413507  |c 20221125  |g PSBO 
942 |c BK